000 00651nam a2200241Ia 4500
005 20260121112547.0
008 6973 260114s9999 xx 000 0 eng d
020 _a9789814261210
037 _aEBOOK
040 _aCRL
_beng
_cCRL
041 _aeng
_2eng
084 _qCRL
100 _aTuryshev Slava G
_9959569
245 0 _aFrom Quantum to Cosmos: Fundamental Physics Research in Space
260 _bWorld Scientific
260 _bWSPC
260 _c2009
650 _aPhysics
_9959570
856 _uhttps://www.worldscientific.com/worldscibooks/10.1142/7221#t=toc
942 _cEBOOK
999 _c1544273
_d1544273